Fabrication and characterization of nano-TiO[2] thin films from local mineral precursors /
Saved in:
| Main Author: | |
|---|---|
| Format: | Thesis Book |
| Language: | English |
| Subjects: | |
| Online Access: | http://studentsrepo.um.edu.my/id/eprint/8378. |
| Tags: |
Add Tag
No Tags, Be the first to tag this record!
|
| LEADER | 01495cam a2200349 i 4500 | ||
|---|---|---|---|
| 001 | u867539 | ||
| 003 | SIRSI | ||
| 005 | 201210291446 | ||
| 008 | 121029s2012 my a m 000 0 eng m | ||
| 040 | |a UMM |d UMJ |d AUM |e rda | ||
| 090 | |a TA7 |b UM 2012 Mahem | ||
| 097 | |a TA7 |b UM 2012 Mahem | ||
| 100 | 0 | |a Mahdi Ezwan Mahmoud, |e author. | |
| 245 | 1 | 0 | |a Fabrication and characterization of nano-TiO[2] thin films from local mineral precursors / |c Mahdi Ezwan Mahmoud. |
| 264 | 1 | |c 2012. | |
| 264 | 4 | |c 2012. | |
| 300 | |a xiv, 136 leaves : |b illustrations ; |c 30 cm. | ||
| 336 | |a text |2 rdacontent | ||
| 337 | |a unmediated |2 rdamedia | ||
| 338 | |a volume |2 rdacarrier | ||
| 502 | |b M.Eng. |c Jabatan Kejuruteraan Rekabentuk dan Pembuatan, Fakulti Kejuruteraan, |d 2012. | ||
| 504 | |a Bibliography: leaves 109-118. | ||
| 650 | 0 | |a Nanostructured materials. | |
| 650 | 0 | |a Thin films. | |
| 650 | 0 | |a Titanium dioxide films. | |
| 710 | 2 | |a Universiti Malaya. |b Jabatan Kejuruteraan Rekabentuk dan Pembuatan, |e degree granting institution. | |
| 856 | 4 | 1 | |u http://studentsrepo.um.edu.my/id/eprint/8378. |
| 900 | |a RH-AMA | ||
| 596 | |a 1 7 25 | ||
| 999 | |a TA7 UM 2012 MAHEM |w LC |c 1 |i A515361525 |d 6/1/2014 |f 6/1/2014 |g 1 |l STACKS |m P01UTAMA |r Y |s Y |t TESIS |u 26/12/2013 | ||
| 999 | |a TA7 UM 2012 MAHEM |w LC |c 2 |i A516149649 |d 7/5/2015 |f 7/5/2015 |g 1 |l STACKS |m P07JURUTER |r N |s Y |t TESIS |u 7/5/2015 | ||
| 999 | |a TA7 UM 2012 MAHEM |w LC |c 1 |i A516163376 |d 10/4/2015 |f 10/4/2015 |g 1 |l STACKS |m P25UMARCHI |r N |s Y |t CD |u 10/4/2015 |1 STEM |o .STAFF. MST-CD1537 | ||
